Mi día (Registro nro. 29726)
[ vista simple ]
| 000 -LEADER | |
|---|---|
| fixed length control field | 01065nam a22002417a 4500 |
| 003 - CONTROL NUMBER IDENTIFIER | |
| control field | OSt |
| 005 - DATE AND TIME OF LATEST TRANSACTION | |
| control field | 20221013094058.0 |
| 008 - FIXED-LENGTH DATA ELEMENTS--GENERAL INFORMATION | |
| fixed length control field | 220802t2008 ck a|||ar|||| 00| 1 spa d |
| 020 ## - INTERNATIONAL STANDARD BOOK NUMBER | |
| International Standard Book Number | 9789583028878 |
| 040 ## - CATALOGING SOURCE | |
| Original cataloging agency | CO - JMCR |
| Transcribing agency | CO - JMCR |
| 041 0# - LANGUAGE CODE | |
| Language code of text/sound track or separate title | spa |
| 082 ## - DEWEY DECIMAL CLASSIFICATION NUMBER | |
| Classification number | A / |
| Item number | MIDm |
| 245 10 - TITLE STATEMENT | |
| Title | Mi día |
| Statement of responsibility, etc. | ilustraciones, Dominic Zwemmer ; traducción, Érika Pulido Ovalle ; edición en español, César A. Cardozo Tovar |
| 260 ## - PUBLICATION, DISTRIBUTION, ETC. | |
| Place of publication, distribution, etc. | Bogotá : |
| Name of publisher, distributor, etc. | Panamericana, |
| Date of publication, distribution, etc. | ©2008 |
| 300 ## - PHYSICAL DESCRIPTION | |
| Extent | [10 páginas] : |
| Other physical details | ilustración a color ; |
| Dimensions | 18 cm. |
| 490 0# - SERIES STATEMENT | |
| Series statement | Mi mundo en rosa |
| 520 3# - SUMMARY, ETC. | |
| Summary, etc. | Con pequeñas hadas en cada página, tus cosas favoritas en deliciosos matices rosa, y toda clase de cosas brillantes, suaves y peludas para descubrir, MI DÍA es el libro perfecto de aprendizaje para aquellas chiquillas que están locas por el rosa. |
| 650 14 - SUBJECT ADDED ENTRY--TOPICAL TERM | |
| Topical term or geographic name entry element | Vida cotidiana |
| General subdivision | Álbum |
| 9 (RLIN) | 42407 |
| 700 1# - ADDED ENTRY--PERSONAL NAME | |
| Personal name | Zwemmer, Dominic, |
| Relator term | ilustrador |
| 9 (RLIN) | 42302 |
| 700 1# - ADDED ENTRY--PERSONAL NAME | |
| Personal name | Pulido Ovalle, Érika, |
| Relator term | traductora |
| 9 (RLIN) | 42408 |
| 700 1# - ADDED ENTRY--PERSONAL NAME | |
| Personal name | Cardozo Tovar, César A., |
| Relator term | editor |
| 9 (RLIN) | 42409 |
| 942 ## - ADDED ENTRY ELEMENTS (KOHA) | |
| Source of classification or shelving scheme | Dewey Decimal Classification |
| Koha item type | Books |
| Withdrawn status | Lost status | Source of classification or shelving scheme | Damaged status | Not for loan | Collection code | Home library | Current library | Shelving location | Date acquired | Source of acquisition | Total Checkouts | Total Renewals | Full call number | Barcode | Date last seen | Date last checked out | Copy number | Price effective from | Koha item type |
|---|---|---|---|---|---|---|---|---|---|---|---|---|---|---|---|---|---|---|---|
| Dewey Decimal Classification | Fiction | Biblioteca Pública José María del Castillo y Rada | Biblioteca Pública José María del Castillo y Rada | Children's Area | 08/02/2022 | Donación | 55 | 2 | A / MIDm | 201811552 | 03/31/2026 | 03/31/2026 | Ej.1 | 08/02/2022 | Books |